=LDR 00000nam 2200000 4500 =001 INLIS000000000059385 =005 20211111125113 =035 ##$$a 0010-1121000122 =007 ta =008 211111###########################0#ind## =020 ##$$a tidak Teridentifikasi =082 ##$$a 297.54 =084 ##$$a 297.54 Nov m =245 1#$$a Munajat Kekayaan : $b Cara kaya Melalui Gelombang Grafitasi Alam /$c Novi Fajar Anggoro =300 ##$$a 96 halaman ; $c 20 cm =600 #4$$a Doa & Zikir =264 ##$$a Surabaya :$b Karya Agung,$c 2009 =336 ##$$a teks$2 rdacontent =337 ##$$a lain-lain$2 rdamedia =338 ##$$a lain-lain$2 rdacarrier =990 ##$$a 28232823